| 000 | 00423nam a2200145Ia 4500 | ||
|---|---|---|---|
| 008 | 150610s9999 xx 000 0 und d | ||
| 020 | _a9780330470483 | ||
| 050 |
_aPZ7 _b.F2968Ch 2009 |
||
| 100 | _aFeasey, Steve | ||
| 245 |
_aChangelling: _bdark moon / _cSteve Feasey. |
||
| 260 |
_aLondon : _bMacmillan Children's Books, _c2009. |
||
| 300 |
_a324pages ; _c20 cm. |
||
| 520 | _aJuvenile fiction. | ||
| 650 | _xHorrortales. | ||
| 999 |
_c288103 _d288103 |
||